Էօմր վէ ախլագ : (Record no. 350413)
[ view plain ]
| 000 -LEADER | |
|---|---|
| fixed length control field | 01295nam a2200265 a 4500 |
| 001 - CONTROL NUMBER | |
| control field | 001083258 |
| 003 - CONTROL NUMBER IDENTIFIER | |
| control field | AM-YeHGA |
| 005 - DATE AND TIME OF LATEST TRANSACTION | |
| control field | 20250618074413.0 |
| 008 - FIXED-LENGTH DATA ELEMENTS--GENERAL INFORMATION | |
| fixed length control field | 150602s1895 tu | 000 0 tur d |
| 040 ## - CATALOGING SOURCE | |
| Original cataloging agency | AM-YeHGA |
| 041 1# - LANGUAGE CODE | |
| Language code of text/sound track or separate title | tur |
| Language code of original | eng |
| 090 ## - LOCALLY ASSIGNED LC-TYPE CALL NUMBER (OCLC); LOCAL CALL NUMBER (RLIN) | |
| -- | 352225 |
| 100 0# - MAIN ENTRY--PERSONAL NAME | |
| Personal name | Լիս Էտինպուրկցի |
| 245 10 - TITLE STATEMENT | |
| Title | Էօմր վէ ախլագ : |
| Remainder of title | [Թարգմ. անգլերենից] / |
| Statement of responsibility, etc. | [Լիս Էտինպուրկցի]. |
| 246 3# - VARYING FORM OF TITLE | |
| Title proper/short title | Կեանքը եւ բարոյականութիւնը |
| 260 ## - PUBLICATION, DISTRIBUTION, ETC. | |
| Place of publication, distribution, etc. | Իսթանպօլտա : |
| Name of publisher, distributor, etc. | Մաթպաա ի Ա. Յակոբ Պօյաճեան, |
| Date of publication, distribution, etc. | 1895. |
| 300 ## - PHYSICAL DESCRIPTION | |
| Extent | 172 էջ ; |
| Dimensions | 18 սմ. |
| 500 ## - GENERAL NOTE | |
| General note | Շարվածքը՝ 13,2x8,2 սմ: |
| 500 ## - GENERAL NOTE | |
| General note | Վերնագրի թարգմանությունը վերցված է Հասմիկ Ստեփանյանի «Հայատառ թուրքերեն գրքերի եւ հայատառ թուրքերեն պարբերական մամուլի մատենագիտութիւն (1727-1968)» գրքից : |
| 546 ## - LANGUAGE NOTE | |
| Language note | Բնագիրը՝ հայատառ թուրքերեն : |
| 650 14 - SUBJECT ADDED ENTRY--TOPICAL TERM | |
| Topical term or geographic name entry element | Բարոյագիտություն |
| 650 14 - SUBJECT ADDED ENTRY--TOPICAL TERM | |
| Topical term or geographic name entry element | Հայատառ թուրքերեն գրքեր |
| 9 (RLIN) | 6315 |
| 856 41 - ELECTRONIC LOCATION AND ACCESS | |
| Uniform Resource Identifier | <a href="http://greenstone.flib.sci.am/gsdl/collect/haygirq/book/eomr_ve_axlag_1895.pdf">http://greenstone.flib.sci.am/gsdl/collect/haygirq/book/eomr_ve_axlag_1895.pdf</a> |
| Link text | Կարդալ առցանց |
| 942 ## - ADDED ENTRY ELEMENTS (KOHA) | |
| Source of classification or shelving scheme | Universal Decimal Classification |
| Koha item type | Գրքեր / Books |
| Withdrawn status | Lost status | Source of classification or shelving scheme | Damaged status | Not for loan | Collection | Home library | Current library | Date acquired | Total checkouts | Full call number | Barcode | Date last seen | Price effective from | Koha item type | Public note |
|---|---|---|---|---|---|---|---|---|---|---|---|---|---|---|---|
| Universal Decimal Classification | Pogharian Individual Collection | Fundamental Scientific Library | Fundamental Scientific Library | 11/01/2017 | Պող/1045 | FL0339430 | 11/01/2017 | 11/01/2017 | Գրքեր / Books | ILL Non-Circ. |
ՀՀ Գիտությունների ազգային ակադեմիայի հիմնարար գիտական գրադարան = Fundamental Scientific Library of NAS RA
All site content, except where otherwise noted, is licensed under a